Sivas'dan büyük kongreye Cumhuriyet Halk Partisi (Record no. 357)
[ view plain ]
| 000 -BAŞLIK | |
|---|---|
| Sabit Uzunlukta Kontrol Alanı | 01088na a2200349 4500 |
| 001 - KONTROL NUMARASI | |
| Denetim Alanı | 16971 |
| 003 - KONTROL NUMARASI IDENTIFIER | |
| Denetim Alanı | MIRAKIL |
| 005 - SON İŞLEM TARİHİ VE ZAMANI | |
| Denetim Alanı | 20181213154746.0 |
| 008 - SABİT-BOY VERİ ELEMANLARI - GENEL BİLGİLER | |
| Sabit Uzunlukta Kontrol Alanı | 161019b tu 000 0 |
| 020 ## - ULUSLARARASI STANDART KİTAP NUMARASI | |
| Uluslararası Standart Kitap Numarası | 9758047221 |
| 035 ## - SİSTEM KONTROL NUMARASI | |
| Sistem Kontrol Numarası | 16971 |
| 040 ## - KATALOGLAMA KAYNAK | |
| Orijinal Kataloglama Ajansı | Milas |
| Kataloglama Dili | tur |
| Metne Dönüştürmek Ajansı | TR-AnCHP |
| 041 ## - DİL KODU | |
| Metin / Ses Parça Veya Ayrı Başlığın Dil Kodu | tur |
| 082 ## - DEWEY ONLU SINIFLANDIRMA NUMARASI | |
| Sınıflandırma Numarası | CHP 324.2172 |
| Ürün Numarası | T66s 2003 |
| 090 ## - SINIFLAMA NUMARASI | |
| Sınıflama Numarası | CHP 324.2172 T66s 2003 |
| 100 ## - ANA GİRİŞ - KİŞİSEL İSİM | |
| Kişisel Ad | Torun, Esma |
| 245 ## - BAŞLIK TABLOSU | |
| Başlık | Sivas'dan büyük kongreye Cumhuriyet Halk Partisi |
| Başlığın Kalan | (kongre tutanaklarının Türkçe çevirisiyle birlikte) |
| Sorumluluk Tablosu, Vb | Esma Torun |
| 246 ## - UNVAN FORM VARYING | |
| Başlık Doğru / Kısa Başlığı | Cumhuriyet Halk Partisi |
| 260 ## - YAYIN, DAĞITIM, VB | |
| Yayın, Dağıtım, Vb Yeri | İzmit |
| Yayıncı, Dağıtıcı, Vs Adı | Kocaeli Üniversitesi |
| Yayın, Dağıtım, Vb Tarihi | 2003 |
| 300 ## - FİZİKSEL TANIM | |
| Kapsam | 254 s. |
| Boyutlar | 24 sm. |
| 504 ## - KAYNAKÇA VB NOT | |
| Kaynakça Vb Notu | Kaynakça var. |
| 610 ## - KONU KATMA GİRİŞ - TOPLANTI ADI | |
| Giriş Elemanı Olarak Kurumsal Ad Veya Yargı Alanı Adı | CHP |
| Genel Alt Bölüm | Tarih |
| Coğrafi Alt Bölüm | Türkiye |
| 610 ## - KONU KATMA GİRİŞ - TOPLANTI ADI | |
| Giriş Elemanı Olarak Kurumsal Ad Veya Yargı Alanı Adı | CHP |
| Genel Alt Bölüm | Kongreler |
| 610 ## - KONU KATMA GİRİŞ - TOPLANTI ADI | |
| Giriş Elemanı Olarak Kurumsal Ad Veya Yargı Alanı Adı | Cumhuriyet Halk Fırkası (CHF) |
| Genel Alt Bölüm | Tarih |
| 610 ## - KONU KATMA GİRİŞ - TOPLANTI ADI | |
| Giriş Elemanı Olarak Kurumsal Ad Veya Yargı Alanı Adı | Cumhuriyet Halk Fırkası (CHF) |
| Genel Alt Bölüm | Büyük Kongre |
| Kronolojik Alt Bölüm | Tutanaklar |
| 650 ## - KONU KATMA GİRİŞ - TOPİKAL DÖNEM | |
| Topikal Süreli Veya Coğrafi Ad Giriş Elemanı | Siyasal partiler |
| Genel Alt Bölümü | Tarih |
| Coğrafi Alt Bölümü | Türkiye |
| 651 ## - KONU KATMA GİRİŞ - COĞRAFİ ADI | |
| Coğrafi İsim | Türkiye |
| Genel Alt Bölümü | Siyasal tarih |
| 942 ## - EKLENDİ GİRİŞ ELEMANLARI (KOHA) | |
| Sınıflandırma Veya Raf Düzeni Kaynak | |
| Koha Öğesi Türü | Books |
| 999 ## - SİSTEM KONTROL NUMARALARI (KOHA) | |
| Koha Biblionumber | 357 |
| Koha Biblioitemnumber | 357 |
| 657 ## - INDEX SÜRE - İŞLEVİ | |
| -- | CHP tarihçesi |
| 657 ## - INDEX SÜRE - İŞLEVİ | |
| -- | CHF tarihçesi |
| 657 ## - INDEX SÜRE - İŞLEVİ | |
| -- | CHP büyük kongresi |
| Kalıcı Konum | Mevcut Konum | Edinme Tarihi | Edinim Kaynak | Toplam Check-Out'Lar | Tam Çağrı Numarası | Barkod | Tarih Son Görülme | İtibaren Geçerli Fiyatlar | Koha Öğesi Türü | Toplam Yenileme | Tarihi Geçen Teslim | Kopya Sayısı |
|---|---|---|---|---|---|---|---|---|---|---|---|---|
| CHP Kütüphanesi | CHP Kütüphanesi | 10/19/2016 | Bağış | CHP 324.2172 T66s 2003 | 006918 | 10/19/2016 | 10/19/2016 | Books | ||||
| CHP Kütüphanesi | CHP Kütüphanesi | 05/11/2017 | Bağış | 1 | CHP 324.2172 T66s 2003 | 016991 | 05/20/2021 | 05/11/2017 | Books | 3 | 09/02/2019 | k.2 |
